LEADER 00850nab a2200145 i 4500 001 000000319524 003 CaOOAMICUS 005 20180831173308.0 008 180831n it uu u0 0ita r 013 $a29297 040 $aSeMil$bita 245 10$aSpeciale 7. Incontro Mondiale delle Famiglie, Milano 2012 :$bNel cuore della famiglia il cantiere del bene comune : Convegno dei ragazzi, una scuola formato mondo. - In : Inserto speciale 10, 29 aprile 2012. 711 0 $aIncontro Mondiale delle Famiglie <7. ; 2012 ; Milano>.$0(OLS)http://semarc/name/76413 773 0 $t[vedi periodico].$gp.[17]-[29]$w()277685 996 $6245$aSpeciale 7. Incontro Mondiale delle Famiglie, Milano 2012 :$bNel cuore della famiglia il cantiere del bene comune : Convegno dei ragazzi, una scuola formato mondo. - In : Inserto speciale 10, 29 aprile 2012.$9(OLS)http://semarc/title/393279 LEADER 01021nam a2200241 i 4500 001 000000201245 003 CaOOAMICUS 005 20110525000000.0 008 110525s1990 it u000 u ita u 013 $a179946 040 $aSeMil$bita 100 1 $aValles, Carlos G. .$0(OLS)http://semarc/name/47107 245 10$aTony De Mello :$bautore di il canto degli uccelli raccontato da un amico /$cCarlos G. Valles. 260 $aMilano :$bPaoline,$c1990. 300 $a249 p. ;$c21 cm. 490 0 $aScaffale Eppì ;$v1 600 14$aDe Mello, Anthony <1931-1987>.$0(OLS)http://semarc/subject/20246 830 0$aScaffale Eppì ;$v1.$0(OLS)http://semarc/title/23123 850 $aSeMil 852 $aSeMil$W1$xVenegono$y1$m3G III 301$j151771$B151771$CSeMilBibl$Z2$F166701 $81 961 $aLascito: Spezzibottiani don Mario 996 $6245$aTony De Mello :$bautore di il canto degli uccelli raccontato da un amico$9(OLS)http://semarc/title/291178 996 $6260$aMilano :$bPaoline$9(OLS)http://semarc/publisher/29684